Microbes and Signaling Biomolecules Against Plant Stress: Strategies of Plant- Microbe Relationships for Better Survival (Record no. 50607)

MARC details
000 -LEADER
fixed length control field 00561nam a22001577a 4500
003 - CONTROL NUMBER IDENTIFIER
control field OSt
008 - FIXED-LENGTH DATA ELEMENTS--GENERAL INFORMATION
fixed length control field 260515b |||||||| |||| 00| 0 eng d
020 ## - INTERNATIONAL STANDARD BOOK NUMBER
International Standard Book Number 9789811570933
082 ## - DEWEY DECIMAL CLASSIFICATION NUMBER
Classification number 581.1
Item number S53M
245 ## - TITLE STATEMENT
Title Microbes and Signaling Biomolecules Against Plant Stress: Strategies of Plant- Microbe Relationships for Better Survival
Remainder of title /edited by Anita Sharma
260 ## - PUBLICATION, DISTRIBUTION, ETC. (IMPRINT)
Place of publication, distribution, etc Switzerland:
Name of publisher, distributor, etc Springer Nature;
Date of publication, distribution, etc 2021.
300 ## - PHYSICAL DESCRIPTION
Extent xviii, 294 p.
650 ## - SUBJECT ADDED ENTRY--TOPICAL TERM
Topical term or geographic name as entry element Pure Sciences | Botanical Sciences | Plant Physiology | Stress
700 ## - ADDED ENTRY--PERSONAL NAME
Personal name Sharma, Anita
942 ## - ADDED ENTRY ELEMENTS (KOHA)
Source of classification or shelving scheme
Koha item type Books
Holdings
Withdrawn status Lost status Source of classification or shelving scheme Damaged status Not for loan Home library Current library Shelving location Date acquired Source of acquisition Cost, normal purchase price Total Checkouts Full call number Barcode Date last seen Bill Date Koha item type Bill Number
          Dr. Rajendra Prasad Central Agricultural University Pusa, Dr. Rajendra Prasad Central Agricultural University Pusa, General Stacks 15/05/2026 Scientific Publishers (India) 12561.00   581.1 S53M 87846 15/05/2026 01/02/2026 Books Invoice/SPI/25-26/425
Hosted, Implemented, Customized & Maintained by: BestBookBuddies

Powered by Koha